Línea de retorno / (Registro nro. 13491)

Detalles MARC
000 -LIDER
fixed length control field 01087cam a2200325 a 4500
001 - NÚMERO DE CONTROL
Identificador de número de control
003 - IDENTIFICACDOR DE NÚMERO DE CONTROL
control field DO-SdBNP
005 - DATE AND TIME OF LATEST TRANSACTION
control field 20210513134155.0
007 - CAMPOS FIJOS DE DESCRIPCIÓN FÍSICA
fixed length control field
008 - ELEMENTOS DE LONGITUD FIJA
fixed length control field 020930s2018 dr a 000 1 spa
010 ## - NUMERO DE CONTROL DE BIBLIOTECA DEL CONGRESO
LC control number
020 ## - ISBN
International Standard Book Number 9789945503104
040 ## - FUENTE DE CATALOGACIÓN
Agencia que crea de manera original el registro BPMSU
Agencia que realiza la transcripción spa
Idioma de catalogación BPMSU
082 ## - NÚMERO DE CLASIFICACIÓN DECIMAL DE DEWEY
Classification number RD861.5
Item number R173L
Edition number 22
100 1# - ASIENTO PRINCIPAL -- NOMBRE PERSONAL
Nombre personal Ramírez, Reina Lissette
Fechas asociadas con el nombre 1983 -
245 10 - MENCIÓN DE TITULO
Título Línea de retorno /
Mención de responsabilidad Reina Lissette Ramírez
Subtítulo
260 ## - PUBLICACIÓN, DISTRIBUCIÓN, ETC. (PIE DE IMPRENTA)
Lugar de publicación, distribución, etc Santo Domingo :
Nombre del editor, distribuidor, etc. Ministerio de Cultura ;
-- Editora Nacional
Fecha de publicación, distribución, etc 2018
300 ## - DESCRIPCIÓN FÍSICA
Extensión 94 p. ;
Dimensiones 21 cm.
Otros detalles físicos
490 0# - MENCIÓN DE SERIES
Mención de serie Poesía
500 ## - NOTA GENERAL
Materiales especificados Incluye datos biográficos del autora en la solapa de la cubierta
590 ## - NOTA LOCAL
Enlace Inventariado, 2021/VM
611 #4 - ENCABEZAMIENTO DE MATERIA--NOMBRE DE REUNIÓN
Nombre de reunión o jurisdicción como elemento de entrada Feria Regional del libro
Número de la parte, sección o reunión (14 :
Fecha de la reunión o acuerdo 2018:
Lugar de la reunión Cotuí, República Dominicana )
650 #4 - ENCABEZAMIENTO DE MATERIA--TEMÁTICO
Término temático o nombre geográfico como elemento de entrada Certámenes literarios
Subdivisión geográfica Cotuí (República Dominicana)
650 #4 - ENCABEZAMIENTO DE MATERIA--TEMÁTICO
Término temático o nombre geográfico como elemento de entrada Poesías Dominicanas
650 #4 - ENCABEZAMIENTO DE MATERIA--TEMÁTICO
Término temático o nombre geográfico como elemento de entrada Literatura dominicana
Subdivisión de forma
650 #4 - ENCABEZAMIENTO DE MATERIA--TEMÁTICO
Término temático o nombre geográfico como elemento de entrada Libros
Subdivisión temática general Industria y comercio
Subdivisión geográfica República Dominicana
700 1# - ASIENTO SECUNDARIO -- NOMBRE PERSONAL
Nombre personal Milanesse, Otto Oscar
Fechas asociadas con el nombre 1959 -
910 ## - VALIDACIÓN
Validación VMateo
942 ## - ADDED ENTRY ELEMENTS (KOHA)
Source of classification or shelving scheme Dewey Decimal Classification
Koha item type Libros
Existencias
Withdrawn status Lost status Source of classification or shelving scheme Damaged status Not for loan Collection code Home library Current library Date acquired Source of acquisition Full call number Barcode Date last seen Price effective from Koha item type Public note Copy number
    Dewey Decimal Classification     Colección Dominicana Biblioteca Pública Metropolitana Salomé Ureña Biblioteca Pública Metropolitana Salomé Ureña 05/13/2021 Editora Nacional BPMSU CD RD861.5 R173L 2018 BPMSU21050074 05/13/2021 05/13/2021 Libros Inventariado, 2021/VM  
    Dewey Decimal Classification     Colección Dominicana Biblioteca Pública Metropolitana Salomé Ureña Biblioteca Pública Metropolitana Salomé Ureña 05/13/2021 Editora Nacional BPMSU CD RD861.5 R173L 2018 BPMSU21050075 05/13/2021 05/13/2021 Libros Inventariado, 2021/VM e.2
    Dewey Decimal Classification     Colección Dominicana Biblioteca Pública Metropolitana Salomé Ureña Biblioteca Pública Metropolitana Salomé Ureña 05/13/2021 Editora Nacional BPMSU CD RD861.5 R173L 2018 BPMSU21050076 05/13/2021 05/13/2021 Libros Inventariado, 2021/VM e.3